[Event "COQ Invitational"]
[Site "Montreal CAN"]
[Date "2011.07.29"]
[Round "8"]
[White "Khassanov,M"]
[Black "Caire,Francois"]
[Result "1-0"]
[WhiteElo "2286"]
[BlackElo "2150"]

1.e4 c5 2.Nf3 Nc6 3.Nc3 Nf6 4.Bb5 Qc7 5.O-O Nd4 6.Re1 a6 7.e5 Nxb5 8.exf6 gxf6
9.Nd5 Qc6 10.c4 Nc7 11.Nxc7+ Qxc7 12.d4 e6 13.Nh4 d6 14.Qf3 Be7 15.Qg3 Bd7
16.Qg7 O-O-O 17.Nf5 exf5 18.Rxe7 Rhe8 19.Rxe8 Rxe8 20.Bf4 cxd4 21.Qxf6 Bc6
22.Bxd6 Qd7 23.Bg3 Qe6 24.Qxe6+ fxe6 25.Be5 Rd8 26.Rd1 d3 27.f3 Rd7 28.Kf2 b5
29.cxb5 Bxb5 30.Ke3 Kb7 31.b3 Rd5 32.f4 Bc6 33.g3 Ra5 34.a4 Be4 35.Rc1 Rd5
36.Kd2 Kb6 37.Rc4 Rd7 38.Rb4+ Kc6 39.g4 Rb7 40.Rxb7 Kxb7 41.g5 Bd5 42.h4  1-0

[Event "Czech GM Open A"]
[Site "Pardubice CZE"]
[Date "2011.07.29"]
[Round "8.47"]
[White "Llaneza Vega,M"]
[Black "Biriukov,O"]
[Result "1/2-1/2"]
[WhiteElo "2465"]
[BlackElo "2339"]

1.e4 c5 2.Nc3 Nc6 3.Nf3 g6 4.Bb5 Bg7 5.O-O e5 6.d3 Nge7 7.Bg5 h6 8.Be3 Nd4
9.a4 Nxb5 10.axb5 b6 11.Nd2 d5 12.exd5 Nxd5 13.Nxd5 Qxd5 14.Qe2 O-O 15.Ra3 Bb7
16.f3 Qd7 17.c4 a6 18.bxa6 Rxa6 19.Rxa6 Bxa6 20.Ne4 f5 21.Nc3 Bb7 22.Ra1 Bc6
23.Qd2 Kh7 24.Ra6 Qb7 25.Ra3 Ra8 26.Qc2 Rd8 27.Nb5 Ra8 28.Qb3  1/2-1/2

[Event "Czech GM Open A"]
[Site "Pardubice CZE"]
[Date "2011.07.29"]
[Round "8.78"]
[White "Vlasak,Lu"]
[Black "Straka,V"]
[Result "1/2-1/2"]
[WhiteElo "2308"]
[BlackElo "2200"]

1.e4 c5 2.Nc3 Nc6 3.Bb5 g6 4.Bxc6 dxc6 5.Nf3 Bg7 6.d3 e5 7.h3 Nf6 8.Be3 Nd7
9.O-O Qe7 10.Qd2 Nf8 11.Rae1 f6 12.Nh2 Ne6 13.Ne2 O-O 14.f4 exf4 15.Nxf4 Nxf4
16.Bxf4 Bd7 17.Nf3 b6 18.c3 Rad8 19.d4 cxd4 20.cxd4 Bc8 21.Qc2 Qe6 22.b3 Bb7
23.Rd1 Rfe8 24.Rfe1 Qf7 25.Qc4 Qxc4 26.bxc4 Rd7 27.e5 Rde7  1/2-1/2

[Event "98th ch-GBR"]
[Site "Sheffield ENG"]
[Date "2011.07.29"]
[Round "5.5"]
[White "Griffiths,R"]
[Black "Pert,R"]
[Result "1/2-1/2"]
[WhiteElo "2301"]
[BlackElo "2459"]

1.e4 c5 2.Nc3 Nc6 3.Bb5 Nd4 4.Bc4 Nf6 5.Nge2 a6 6.a4 e6 7.O-O d5 8.exd5 exd5
9.Ba2 Bg4 10.h3 Be6 11.Nxd4 cxd4 12.Ne2 d3 13.Nf4 dxc2  1/2-1/2

[Event "II Grafica Yael GM"]
[Site "Torre Blanca ARG"]
[Date "2011.07.29"]
[Round "7"]
[White "Perez Ponsa,F"]
[Black "Labollita,M"]
[Result "1/2-1/2"]
[WhiteElo "2467"]
[BlackElo "2407"]

1.e4 c5 2.Nf3 Nc6 3.Nc3 g6 4.d4 cxd4 5.Nxd4 Bg7 6.Be3 Nf6 7.Bc4 O-O 8.Bb3 e6
9.O-O d5 10.exd5 Nxd5 11.Nxd5 exd5 12.c3 Na5 13.Qd2 a6 14.Rfe1 Nc4 15.Bxc4 dxc4
16.Bh6 b5 17.Bxg7 Kxg7 18.Re5 Re8 19.Rxe8 Qxe8 20.Re1 Qd8 21.Qf4 Bd7 22.Qd6 Be8
23.Qc5 Qf6 24.Re7 Rc8 25.Qa7 Kf8 26.Re3 Qd6 27.a3 Bd7 28.Nf3 Re8 29.Qd4 Qxd4
30.Rxe8+ Kxe8 31.Nxd4 Ke7 32.f3 Kd6 33.Kf2 Kd5 34.Ke3 f6 35.Kf4 a5 36.h4 b4
37.axb4 axb4 38.Nc2 bxc3 39.bxc3 Kc5 40.g4 h6 41.g5 fxg5+ 42.hxg5 h5 43.Kg3 Bf5
44.Ne3 Bd3 45.Ng2 Kb5 46.Kf4 Ka4 47.Ke3 Kb3 48.Kd2 Bb1 49.Nh4 Bd3 50.f4 Bb1
51.Nf3 Kb2 52.Nh4 Kb3 53.Ng2 Be4 54.Nh4 Bb1 55.Nf3 Kb2 56.Nh4 Kb3  1/2-1/2

[Event "TCh-POR 1st Div"]
[Site "Torres Vedras POR"]
[Date "2011.07.29"]
[Round "7.7"]
[White "Picard,Ro"]
[Black "Gonzalez Perez,A"]
[Result "1/2-1/2"]
[WhiteElo "2351"]
[BlackElo "2490"]

1.e4 c5 2.Nf3 Nc6 3.Nc3 g6 4.Bc4 Bg7 5.O-O d6 6.h3 Nf6 7.d3 O-O 8.a3 a6 9.Ba2 b5
10.Be3 Rb8 11.Rb1 Bd7 12.Qd2 a5 13.e5 dxe5 14.Bxc5 b4 15.Ne4 Nh5 16.Rfe1 Qc7
17.axb4 axb4 18.d4 exd4 19.Nxd4 Rfd8 20.Nxc6 Bxc6 21.Qg5 Bxe4 22.Rxe4 Rb5
23.Bd6 Rxg5 24.Bxc7 Rc8 25.Rxe7 Rf5 26.g4 Rc5 27.Bb6 R5c6 28.Be3 Nf6 29.Bxf7+ Kf8
30.Rb7 Rxc2 31.Bb3 R2c7 32.Rxb4 Nd7 33.Rf4+ Ke8 34.Re1 Ne5 35.Kg2 Re7 36.Bd4 Nd3
37.Rxe7+ Kxe7 38.Rf7+ Ke8 39.Rxg7 Nf4+ 40.Kf3 Rd8 41.Rg8+  1/2-1/2

[Event "15th Godesburg Open"]
[Site "Bad Godesberg GER"]
[Date "2011.07.30"]
[Round "8.16"]
[White "Auschkalnis,R"]
[Black "Bauer,Mirko"]
[Result "1/2-1/2"]
[WhiteElo "1833"]
[BlackElo "1968"]

1.e4 c5 2.Nc3 Nc6 3.Bb5 d6 4.Bxc6+ bxc6 5.d3 e5 6.Nf3 Be7 7.O-O Nf6 8.h3 O-O
9.Bg5 Rb8 10.b3 h6 11.Bh4 Nh7 12.Bxe7 Qxe7 13.Qd2 f5 14.exf5 Bxf5 15.Nh2 Ng5
16.f4 exf4 17.Rae1 Qd7 18.Rxf4 Ne6 19.Rff1 Nd4 20.Ne2 Rbe8 21.Nxd4 cxd4 22.Qf2 c5
23.Rxe8 Qxe8 24.Re1 Qd7 25.Qe2 Rf7 26.Nf3 g5 27.Nd2 Kf8 28.Nc4 Re7 29.Qxe7+ Qxe7
30.Rxe7 Kxe7 31.g4 Be6 32.Nd2 Kf6 33.Kf2 d5 34.Kg3  1/2-1/2

[Event "Politiken Cup"]
[Site "Helsingor DEN"]
[Date "2011.07.30"]
[Round "1.95"]
[White "Lindholm,Lars"]
[Black "Lindgren,P"]
[Result "0-1"]
[WhiteElo "1722"]
[BlackElo "2145"]

1.Nc3 c5 2.e4 Nc6 3.Nf3 g6 4.Bc4 Bg7 5.a3 d6 6.O-O e6 7.Ne2 d5 8.exd5 exd5
9.Bb5 Bg4 10.Ng3 Ne7 11.h3 Bd7 12.Bxc6 bxc6 13.Re1 O-O 14.Ne5 Be6 15.d4 cxd4
16.Qxd4 c5 17.Qh4 Nf5 18.Nxf5 Bxf5 19.Qxd8 Rfxd8 20.Nc6 Re8 21.Ne7+ Kf8 22.Bg5 Be6
23.Nc6 Bxb2 24.Rab1 Bc3 25.Re3 Bd2 26.Rg3 Bxg5 27.Rxg5 Rec8 28.Na5 Rab8 29.Rb7 Rxb7
30.Nxb7 c4 31.Rg3 Ke7 32.Kf1 Rc7 33.Na5 Rc5  0-1

[Event "Czech GM Open A"]
[Site "Pardubice CZE"]
[Date "2011.07.30"]
[Round "9.28"]
[White "Rasik,V"]
[Black "Nun,Ji"]
[Result "1/2-1/2"]
[WhiteElo "2475"]
[BlackElo "2360"]

1.e4 c5 2.Nf3 Nc6 3.Nc3 g6 4.d4 cxd4 5.Nxd4 Bg7 6.Be3 Nf6 7.Bc4 O-O 8.Bb3 d6
9.f3 Bd7 10.Qd2 Na5 11.g4 h5 12.h3 Rc8 13.O-O-O Nxb3+ 14.Nxb3 a5 15.Nd4 a4
16.a3 Qa5 17.Kb1 e6 18.Nde2 Rc6 19.Na2 Qxd2 20.Rxd2 hxg4 21.hxg4 Ne8 22.Nb4 Rc4
23.Bf4 Bb5 24.Bh6 Bxh6 25.Rxh6 Kg7 26.Rh1 Rh8 27.Rxh8 Kxh8 28.Na2 Kg7 29.Nac3 Bd7
30.Kc1 Kf8 31.Rd3 Ke7 32.Kd2 Nc7 33.Ke3 e5 34.Nc1 f5 35.gxf5 gxf5 36.N1a2 f4+
37.Kf2 Na6 38.Rd1 Rc8 39.Rh1 Be6 40.Nc1 b5 41.Nd3 Bc4 42.Rh7+ Ke6 43.Rh6+ Kd7
44.Nxe5+ dxe5 45.Rxa6 Rh8 46.Rg6 Rh2+ 47.Rg2 Rh1 48.Rg1 Rh2+  1/2-1/2

[Event "Czech GM Open A"]
[Site "Pardubice CZE"]
[Date "2011.07.30"]
[Round "9.2"]
[White "Jovanovic,Zo CRO"]
[Black "Shanava,K"]
[Result "1/2-1/2"]
[WhiteElo "2577"]
[BlackElo "2535"]

1.e4 c5 2.Nc3 Nc6 3.Bb5 Nd4 4.Bc4 e6 5.Nge2 Nf6 6.O-O a6 7.a4 Nxe4 8.Nxe4 d5
9.d3 Be7 10.Ba2 dxe4 11.dxe4 b6 12.Bf4 Bb7 13.c3 Nxe2+ 14.Qxe2 O-O 15.Rfd1 Qe8
16.Bc4 Qc6 17.f3 Rfd8 18.b3 h6 19.Rxd8+ Bxd8 20.Rd1 Be7 21.Be5 Bc8 22.h3 Ra7
23.Kh2 Rd7 24.Rxd7 Qxd7 25.Qd3 Qxd3 26.Bxd3 Bd8 27.g4 Kf8 28.Kg3 f6 29.Bd6+ Ke8
30.e5 Kf7 31.Be4 fxe5 32.Bc6 Bf6 33.c4 e4 34.Bxe4 Ke8 35.Bc6+ Bd7 36.Bb7 a5
37.Kf4 Kd8 38.Ke3 Be8 39.Be4 Kd7 40.Bg3 Bf7 41.f4 g5 42.Kf3 Be8 43.Be1 e5
44.fxg5 hxg5 45.Kg2 Ke7 46.h4 gxh4 47.Kh3 Bg5 48.Bxh4 Kf6 49.Bg3  1/2-1/2

[Event "Czech GM Open A"]
[Site "Pardubice CZE"]
[Date "2011.07.30"]
[Round "9.71"]
[White "Zwardon,V"]
[Black "Radovanovic,J"]
[Result "1/2-1/2"]
[WhiteElo "2231"]
[BlackElo "2323"]

1.e4 c5 2.Nc3 Nc6 3.Bb5 Nd4 4.Bc4 e6 5.Nf3 Nf6 6.O-O a6 7.d3 b5 8.Bb3 Nxb3
9.axb3 Bb7 10.Re1 Qc7 11.Bg5 b4 12.Ne2 Be7 13.Ng3 d6 14.c3 bxc3 15.bxc3 O-O
16.d4 cxd4 17.cxd4 h6 18.Bf4 Rfe8 19.Nd2 Qd8 20.Nc4 Bxe4 21.Bxd6 Bxd6 22.Nxe4 Be7
23.Ra2 Ra7 24.Qa1 Bb4 25.Nxf6+ Qxf6 26.Rd1 a5 27.Ra4 Rd7 28.g3 Rd5 29.Ra2 Qd8
30.Re2 Qc7 31.Ne3  1/2-1/2

[Event "Tabor Open"]
[Site "Tabor CZE"]
[Date "2011.07.31"]
[Round "1.17"]
[White "Hampel,R"]
[Black "Havlik,Ja1"]
[Result "0-1"]
[WhiteElo "1837"]
[BlackElo "2315"]

1.e4 c5 2.Nc3 Nc6 3.Nge2 g6 4.g3 Bg7 5.Bg2 Rb8 6.a4 a6 7.d3 e6 8.Be3 d6 9.O-O Nge7
10.Qd2 h6 11.Rad1 Nd4 12.Bf4 b5 13.axb5 axb5 14.h4 b4 15.Na4 Bd7 16.b3 Nxe2+
17.Qxe2 Bxa4 18.bxa4 Nc6 19.Be3 Qa5 20.f4 Nd4 21.Qf2 O-O 22.g4 f5 23.exf5 exf5
24.g5 h5 25.Ra1 Rfe8 26.Rfe1 Kh7 27.Ra2 b3 28.cxb3 Rxb3 29.Bd2 Rxe1+ 30.Qxe1 Qa6
31.Kh2 Qxd3 32.Qf2 Qb1 33.Ba5 Nf3+ 34.Bxf3 Rxf3 35.Qe2 Rxf4 36.Be1 Re4  0-1

[Event "TCh-POR 1st Div"]
[Site "Torres Vedras POR"]
[Date "2011.07.31"]
[Round "9.4"]
[White "Lanier,N"]
[Black "Guerreiro,N"]
[Result "1-0"]
[WhiteElo "2156"]
[BlackElo "2070"]

1.e4 c5 2.Ne2 Nc6 3.Nbc3 g6 4.d4 cxd4 5.Nxd4 Bg7 6.Be3 Nf6 7.Bc4 Qa5 8.O-O O-O
9.h3 Qb4 10.Bb3 Nxe4 11.Nxe4 Nxd4 12.c3 Ne2+ 13.Qxe2 Qxe4 14.Rad1 d6 15.Bd5 Qh4
16.Qf3 a5 17.Rfe1 a4 18.Bd4 e5 19.Be3 Qe7 20.Qg3 Be6 21.Re2 f5 22.Bg5 Qf7
23.Qd3 Rfe8 24.Qb5 Bxd5 25.Rxd5 Bf8 26.f3 Rec8 27.Red2 Qc7 28.Be3 Qc6 29.a3 Ra6
30.Kh2 Rc7 31.Qd3 Qc4 32.Rb5 Qc6 33.Qd5+ Qxd5 34.Rdxd5 Kf7 35.Rb4 Ra8 36.Rdb5 Ke6
37.Rxb7 Rxb7 38.Rxb7 Be7 39.c4 f4 40.Ba7 h6 41.Kg1 Bd8 42.Kf1 e4 43.fxe4 Rc8
44.Rb4 Ke5 45.Bb8 Ba5 46.Rb5+ Kxe4 47.Bxd6 Bd2 48.Ke2 Bc1 49.c5 Re8 50.Rb4+ Kd5+
51.Kd1 Be3 52.Rxa4 g5 53.Ra5 Bd4 54.Rb5 Kc4 55.Rb4+ Kd3 56.c6 Bf2 57.Rb3+ Kc4
58.Rc3+ Kd5 59.c7 Rc8 60.Be7 Bd4 61.Rc2 Bb6 62.Bd8 Ke4 63.Ke2 h5 64.b4 g4
65.hxg4 hxg4 66.Rc4+ Bd4 67.Bf6 f3+ 68.gxf3+ gxf3+ 69.Kd2 f2 70.Ke2 Re8 71.Rxd4+  1-0

[Event "Pays de Charleroi Open"]
[Site "Charleroi BEL"]
[Date "2011.08.01"]
[Round "4.8"]
[White "Bruno,Rica"]
[Black "Sclacmender,J"]
[Result "0-1"]
[WhiteElo "1954"]
[BlackElo "2221"]

1.e4 c5 2.Nf3 Nc6 3.Nc3 g6 4.d4 cxd4 5.Nxd4 Bg7 6.Be3 Nf6 7.f3 O-O 8.Qd2 d5
9.Nxc6 bxc6 10.e5 Nd7 11.f4 e6 12.Be2 c5 13.Bf2 Rb8 14.Na4 Qc7 15.O-O f6
16.c4 d4 17.exf6 Nxf6 18.Bf3 Bh6 19.Bg3 Rb4 20.b3 e5 21.Rae1 exf4 22.Bf2 Rb8
23.Qe2 Re8 24.Bd5+ Kf8 25.Qb2 Rxe1 26.Rxe1 Nxd5 27.cxd5 Bd7 28.Qa3 Bxa4 29.Qxa4 Bg5
30.b4 Rxb4 31.Qe8+ Kg7 32.h4 Bf6 33.h5 Rb8 34.Qe6 Qf7 35.h6+ Kg8 36.Qc6 Qf8
37.Qe6+ Qf7 38.Qc6 Rd8 39.d6 Qd7 40.Qxc5 Qxd6 41.Qxa7 d3 42.Qa4 d2 43.Re8+ Rxe8
44.Qxe8+ Qf8 45.Qe2 Qd8 46.Qd1 g5 47.a4 Kh8 48.Kh2 g4 49.Bc5 Be5 50.Kg1 Bd4+
51.Bxd4+ Qxd4+ 52.Kh2 Qc3 53.a5 Qg3+  0-1

[Event "Politiken Cup"]
[Site "Helsingor DEN"]
[Date "2011.08.01"]
[Round "4"]
[White "Petrov,Marij"]
[Black "Nielsen,PH"]
[Result "1/2-1/2"]
[WhiteElo "2534"]
[BlackElo "2681"]

1.e4 c5 2.Nc3 Nc6 3.Nf3 d6 4.d4 cxd4 5.Nxd4 Nf6 6.f4 g6 7.Be3 Bg7 8.Be2 O-O
9.O-O Qb6 10.Qd3 Ng4 11.Bxg4 Bxd4 12.Bxd4 Qxd4+ 13.Qxd4 Nxd4 14.Bd1 Rd8 15.Nd5 e6
16.Nc7 Rb8 17.c3 Nc6 18.Bb3 Kf8 19.Nb5 Ke7 20.Rad1 a6 21.Nd4 Bd7 22.Rf2 Nxd4
23.Rxd4 Bc6 24.Rfd2 Rd7 25.Kf2 f6 26.Ke3 Rbd8 27.g3  1/2-1/2

[Event "98th ch-GBR"]
[Site "Sheffield ENG"]
[Date "2011.08.01"]
[Round "7.33"]
[White "Dines,S"]
[Black "Jackson,J"]
[Result "0-1"]
[WhiteElo "1889"]
[BlackElo "2157"]

1.e4 c5 2.Nc3 Nc6 3.Bb5 g6 4.Bxc6 dxc6 5.d3 Bg7 6.f4 Nf6 7.Nf3 O-O 8.O-O b6
9.Qe1 Ne8 10.Qh4 f6 11.Kh1 Nd6 12.g4 c4 13.d4 c5 14.f5 cxd4 15.fxg6 hxg6
16.Nxd4 Nxe4 17.Nce2 Qd5 18.Kg1 Bb7 19.Qh3 e5 20.Nf3 Qc5+ 21.Kg2 f5 22.gxf5 Rxf5
23.Ng3 Nxg3 24.Kxg3 Bxf3 25.Rxf3 Rxf3+ 26.Kxf3 Rf8+ 27.Kg4 Qg1+ 28.Qg3 Qd1+  0-1

[Event "98th ch-GBR"]
[Site "Sheffield ENG"]
[Date "2011.08.01"]
[Round "7.32"]
[White "Magee,Ronan"]
[Black "Sreeves,C"]
[Result "1/2-1/2"]
[WhiteElo "1953"]
[BlackElo "2169"]

1.e4 c5 2.Nc3 Nc6 3.Bb5 Nd4 4.Bc4 e6 5.Nf3 Nf6 6.d3 d5 7.Bb3 Nxb3 8.axb3 dxe4
9.dxe4 Qxd1+ 10.Kxd1 Bd7 11.Ke2 Be7 12.Bg5 Bc6 13.Nd2 h6 14.Bf4 O-O 15.f3 Rfd8
16.Nc4 b6 17.g4 Ne8 18.Rhg1 f6 19.h4 e5 20.Be3 Nc7 21.g5 hxg5 22.hxg5 Ne6
23.gxf6 Bxf6 24.Rg6 Kf7 25.Rag1 Rd7 26.R6g4 Rh8 27.Kf2 Nd4 28.f4 exf4 29.Rxf4 Ke6
30.Rg6 Nxc2 31.e5 Rh2+ 32.Kg1 Rh1+ 33.Kf2 Rh2+ 34.Kg1  1/2-1/2

[Event "50th World Juniors"]
[Site "Chennai IND"]
[Date "2011.08.02"]
[Round "1.46"]
[White "Ly,Mo"]
[Black "Chaithanyaa,K"]
[Result "1-0"]
[WhiteElo "2369"]
[BlackElo "2088"]

1.e4 c5 2.Nc3 Nc6 3.Bb5 e6 4.Bxc6 bxc6 5.f4 d5 6.d3 Nf6 7.Nf3 Be7 8.Qe2 O-O
9.O-O Ba6 10.e5 Nd7 11.Nd1 c4 12.d4 c5 13.c3 Qb6 14.Kh1 Rab8 15.Ne3 f5 16.Rg1 cxd4
17.Nxd4 Bc5 18.Nec2 Bxd4 19.Nxd4 Nc5 20.g4 Nd3 21.gxf5 Rxf5 22.Be3 Rf7 23.Qg4 Bc8
24.Rg2 Qa6 25.Rag1 Rbb7 26.Qh5 Rbe7 27.Rg4 Nxb2 28.Rh4 Kf8 29.Qxh7 Ke8 30.Rhg4 Qxa2
31.R4g2 Rb7 32.Rxg7 Rxg7 33.Qh8+  1-0

[Event "Pays de Charleroi Open"]
[Site "Charleroi BEL"]
[Date "2011.08.03"]
[Round "6.15"]
[White "Burel,I"]
[Black "Vanhee,F"]
[Result "1/2-1/2"]
[WhiteElo "1841"]
[BlackElo "1984"]

1.e4 c5 2.Nf3 Nc6 3.Nc3 e5 4.Bb5 d6 5.d3 Be7 6.O-O Bg4 7.Bxc6+ bxc6 8.Be3 Nf6
9.Ne2 Nh5 10.Qd2 h6 11.h3 Bxf3 12.gxf3 Bg5 13.f4 exf4 14.Nxf4 Nxf4 15.Bxf4 Bxf4
16.Qxf4 Qg5+  1/2-1/2

[Event "Politiken Cup"]
[Site "Helsingor DEN"]
[Date "2011.08.03"]
[Round "6.19"]
[White "Rapport,R"]
[Black "Lercel,M"]
[Result "1-0"]
[WhiteElo "2545"]
[BlackElo "2141"]

1.e4 c5 2.Nc3 Nc6 3.Nge2 d6 4.d4 cxd4 5.Nxd4 e6 6.g3 a6 7.Bg2 Bd7 8.O-O Nf6
9.h3 Rc8 10.Nde2 b5 11.a3 Be7 12.g4 O-O 13.Be3 Ne5 14.b3 d5 15.f4 Nexg4 16.hxg4 Nxg4
17.Bd4 dxe4 18.Nxe4 Bc6 19.Qd3 f5 20.Nf2 Bxg2 21.Kxg2 Qd5+ 22.Kg1 Nf6 23.Rfd1 Qc6
24.c3 Nd5 25.Qf3 Bd6 26.Qg2 Qc7 27.Nd3 Rce8 28.c4 bxc4 29.bxc4 Qxc4 30.Qxg7+  1-0

[Event "Politiken Cup"]
[Site "Helsingor DEN"]
[Date "2011.08.03"]
[Round "6.31"]
[White "Poulsen,I"]
[Black "Nielsen,Pr1"]
[Result "1-0"]
[WhiteElo "2102"]
[BlackElo "1904"]

1.e4 c5 2.Nc3 Nc6 3.Nge2 g6 4.d4 cxd4 5.Nxd4 Bg7 6.Be3 d6 7.Qd2 Nf6 8.f3 Bd7
9.O-O-O a6 10.g4 h5 11.g5 Nh7 12.Rg1 Nf8 13.Nd5 Ne6 14.Nxe6 Bxe6 15.Bb6 Qc8
16.Nc7+ Kf8 17.Nxa8 Qxa8 18.Kb1 Kg8 19.f4 Qc8 20.c3 Kh7 21.Be2 Nb8 22.Bd4 Rd8
23.Bxg7 Kxg7 24.Rg3 Nc6 25.b3 Qc7 26.c4 Qb6 27.Qe3 Qxe3 28.Rxe3 Rf8 29.Rg3 Rh8
30.Kb2 Rc8 31.a3 f6 32.gxf6+ Kxf6 33.Rdg1 Bf7 34.Rf1 Nd4 35.Bd1 b6 36.Rf2 a5
37.Kc3 Nb5+ 38.Kd3 Nxa3 39.Ra2 Nxc4 40.Rc2 Rc5 41.bxc4  1-0

[Event "Tabor Open"]
[Site "Tabor CZE"]
[Date "2011.08.03"]
[Round "5.19"]
[White "Havluj,Z"]
[Black "Havranek,Mir"]
[Result "0-1"]
[WhiteElo "1981"]
[BlackElo "2178"]

1.e4 c5 2.Nf3 Nc6 3.Nc3 e5 4.Bb5 d6 5.Bxc6+ bxc6 6.h3 g6 7.O-O Bg7 8.d3 Ne7
9.Be3 f5 10.Bg5 h6 11.Bxe7 Qxe7 12.exf5 Bxf5 13.Qe2 O-O 14.Ne4 Rab8 15.c3 Be6
16.Rfe1 Rf4 17.Nxc5 Bxh3 18.gxh3 dxc5 19.Rf1 Rbf8 20.Nh2 Qh4 21.Qe3 R8f5
22.Rae1 Rh5 23.Kg2 Qg5+ 24.Qg3 Qf5 25.Qe3 Rfh4  0-1

[Event "Tabor Open"]
[Site "Tabor CZE"]
[Date "2011.08.03"]
[Round "5.17"]
[White "Spal,M"]
[Black "Mezera,L"]
[Result "1-0"]
[WhiteElo "2257"]
[BlackElo "2052"]

1.e4 c5 2.Nc3 Nc6 3.Bb5 Nd4 4.Bc4 e6 5.Nf3 Nf6 6.O-O a6 7.d3 b5 8.Bb3 Nxb3
9.axb3 Bb7 10.Bg5 Be7 11.e5 b4 12.Na4 Nd5 13.Nxc5 Qb6 14.Bxe7 Nxe7 15.Nxb7 Qxb7
16.Nd2 h5 17.Ne4 Nf5 18.Qf3 Ke7 19.Qf4 Qb6 20.Nd6 Nxd6 21.Qg5+ Kf8 22.exd6 Qxd6
23.Ra5 f6 24.Qg6 h4 25.h3 Rc8 26.Rfa1 Rh6 27.Qe4 Rxc2 28.Rxa6 Qc5 29.d4 Rc1+
30.Kh2 Qc7+ 31.f4 Rxa1 32.Rxa1 g5 33.Rf1 gxf4 34.Rxf4 f5 35.Qe5 Qb7 36.d5 Kf7
37.dxe6+ dxe6 38.Rc4 Qd5 39.Rc7+ Ke8 40.Rc8+ Kf7 41.Qc7+ Kf6 42.Rf8+ Kg5
43.Qe7+ Kf4 44.Qxb4+ Qe4 45.Qe7 Qe5 46.Rc8 Ke3+ 47.Kh1 f4 48.Qa7+ Ke4 49.Rc4+ Kd3
50.Qf2 Rh8 51.Qc2+ Ke3 52.Rc3+  1-0

[Event "15th HZ Open"]
[Site "Vlissingen NED"]
[Date "2011.08.03"]
[Round "6"]
[White "Vishnu,P"]
[Black "Sveshnikov,V"]
[Result "1-0"]
[WhiteElo "2340"]
[BlackElo "2407"]

1.e4 c5 2.Nc3 Nc6 3.Bb5 g6 4.Bxc6 dxc6 5.d3 e5 6.f4 exf4 7.Bxf4 Bg7 8.Qd2 Nf6
9.Nf3 h6 10.O-O Be6 11.e5 Nd5 12.Ne4 Nxf4 13.Nd6+ Kd7 14.Qxf4 Qb6 15.Nd2 Raf8
16.N2c4 Qa6 17.a4 f5 18.exf6 Rxf6 19.Qg3 Rxf1+ 20.Rxf1 Qxa4 21.b3 Bd4+ 22.Kh1 Rf8
23.Rc1 Qa2 24.Nxb7 Rf6 25.Qd6+ Kc8 26.Qxc6+ Kb8 27.Nbd6  1-0

[Event "50th World Juniors"]
[Site "Chennai IND"]
[Date "2011.08.04"]
[Round "3.37"]
[White "Prasannaa,S"]
[Black "Girish,A"]
[Result "0-1"]
[WhiteElo "2032"]
[BlackElo "2309"]

1.e4 c5 2.Nf3 Nc6 3.Nc3 d6 4.d4 cxd4 5.Nxd4 Nf6 6.Bg5 e6 7.Qd2 a6 8.O-O-O Bd7
9.Nxc6 Bxc6 10.Bd3 Be7 11.f3 b5 12.h4 h6 13.Be3 h5 14.Ne2 Qc7 15.Nd4 Bd7
16.Rhe1 Rb8 17.Bg5 a5 18.Re2 b4 19.Nf5 exf5 20.exf5 Kf8 21.Rde1 Bd8 22.Qf4 Qc5
23.Bc4 Rc8 24.b3 d5 25.Ba6 Bc7 26.Qd2 Ra8 27.Bb7 Rb8 28.Bxf6 gxf6 29.Bxd5 Be5
30.Rxe5 fxe5 31.f6 Qd4 32.Qe2 Qxd5 33.Qa6 Rc8 34.Rd1 Qc6 35.Qd3 Rh6 36.Rd2 Be6
37.Qe3 Rxf6 38.Qxe5 Qc3 39.Qd6+ Kg8 40.Re2 Qa1+ 41.Kd2 Rxc2+  0-1

[Event "Politiken Cup"]
[Site "Helsingor DEN"]
[Date "2011.08.04"]
[Round "7.60"]
[White "Nilsson,P1"]
[Black "Nielsen,JB"]
[Result "1-0"]
[WhiteElo "2057"]
[BlackElo "2140"]

1.e4 c5 2.Nf3 Nc6 3.Nc3 e5 4.Bc4 Be7 5.O-O d6 6.d3 Nf6 7.Re1 O-O 8.Nd2 Be6
9.Nf1 d5 10.exd5 Nxd5 11.Nxd5 Bxd5 12.b3 Bxc4 13.bxc4 Re8 14.Ne3 Qd7 15.Nd5 Rad8
16.Bb2 Bd6 17.Qh5 Re6 18.Re3 Rh6 19.Qxh6  1-0

[Event "Tabor Open"]
[Site "Tabor CZE"]
[Date "2011.08.04"]
[Round "6.6"]
[White "Kulhanek,T"]
[Black "Havlik,Ja1"]
[Result "1/2-1/2"]
[WhiteElo "2375"]
[BlackElo "2315"]

1.e4 c5 2.Nc3 Nc6 3.Bb5 g6 4.Bxc6 dxc6 5.d3 e5 6.f4 Qh4+ 7.g3 Qe7 8.fxe5 Bg7
9.Nf3 Bg4 10.h3 Bxf3 11.Qxf3 Qxe5 12.Bd2 Nf6 13.Ne2 O-O 14.O-O Nd7 15.Bc3 Qe7
16.Bxg7 Kxg7  1/2-1/2

[Event "Arad Open A"]
[Site "Arad ROU"]
[Date "2011.08.05"]
[Round "1.11"]
[White "Anton,R"]
[Black "Bogdan,Dan"]
[Result "0-1"]
[WhiteElo "1836"]
[BlackElo "2362"]

1.e4 c5 2.Nc3 Nc6 3.Bb5 g6 4.Nf3 Bg7 5.O-O Nh6 6.d3 O-O 7.Be3 d6 8.h3 f6
9.Ne2 Nf7 10.c3 a6 11.Ba4 b5 12.Bc2 Bb7 13.Ng3 Rc8 14.Qd2 Qc7 15.Nh2 Rfd8
16.Ng4 d5 17.Qc1 d4 18.Nh6+ Bxh6 19.Bxh6 dxc3 20.bxc3 g5 21.Bb3 c4 22.dxc4 Na5
23.Nf5 bxc4 24.Bc2 e6 25.Nd4 Qe7 26.Bxg5 Nxg5 27.f4 Nxe4 28.Bxe4 Bxe4 29.Qe3 f5
30.g4 Nc6 31.gxf5  0-1

[Event "50th World Juniors"]
[Site "Chennai IND"]
[Date "2011.08.05"]
[Round "4.33"]
[White "Debashish,Du"]
[Black "Ly,Mo"]
[Result "0-1"]
[WhiteElo "2127"]
[BlackElo "2369"]

1.e4 c5 2.Ne2 Nc6 3.Nbc3 d6 4.g3 g6 5.Bg2 Bg7 6.O-O h5 7.h3 e5 8.d3 Nge7
9.a3 Nd4 10.Be3 Be6 11.Nd5 Nxd5 12.exd5 Bd7 13.Bxd4 cxd4 14.c4 dxc3 15.bxc3 O-O
16.Rb1 Qc7 17.c4 b6 18.Qb3 Rac8 19.Rfd1 f5 20.Nc3 h4 21.gxh4 Qd8 22.h5 gxh5
23.Ne2 Qh4 24.f4 Rce8 25.Rf1 Rf6 26.Rf3 Rg6 27.Rbf1 Bh6 28.Kh1 Kh7 29.Qd1 Reg8
30.R3f2 Rg4 31.Kg1 Qxh3  0-1

[Event "50th World Juniors"]
[Site "Chennai IND"]
[Date "2011.08.05"]
[Round "4.61"]
[White "Arun,J"]
[Black "Aravindh,Chithambaram VR."]
[Result "0-1"]
[WhiteElo "2018"]
[BlackElo "2212"]

1.e4 c5 2.Nc3 Nc6 3.Nge2 e5 4.g3 Nf6 5.Bg2 h5 6.h3 d6 7.d3 Nd4 8.Be3 Bd7
9.Nd5 Nxd5 10.exd5 h4 11.Qd2 hxg3 12.Bxd4 cxd4 13.Nxg3 Be7 14.Qe2 Qa5+ 15.Qd2 Qa6
16.Ne4 Rc8 17.c4 dxc3 18.bxc3 f5 19.Ng3 Bf6 20.Rc1 Ke7 21.Ne2 Rh4 22.f4 Rg8
23.O-O g5 24.fxe5 dxe5 25.Qe3 g4 26.Qc5+ Qd6 27.Qxd6+ Kxd6 28.Kh1 f4 29.Ng3 f3
30.Ne4+ Ke7 31.Nxf6 Kxf6 32.Rf2 Bf5 33.Bf1 e4  0-1

[Event "50th World Juniors"]
[Site "Chennai IND"]
[Date "2011.08.05"]
[Round "4.24"]
[White "Petenyi,T"]
[Black "Rajesh,VA"]
[Result "1/2-1/2"]
[WhiteElo "2398"]
[BlackElo "2292"]

1.e4 c5 2.Nf3 Nc6 3.Nc3 e5 4.Bc4 d6 5.d3 Be7 6.Nd2 Nf6 7.Nf1 Be6 8.Ne3 O-O
9.O-O Qd7 10.Ncd5 Na5 11.Nxf6+ Bxf6 12.Bd5 Nc6 13.c3 Ne7 14.Bxe6 fxe6 15.Ng4 Nc6
16.Bd2 d5 17.Qe2 Rae8 18.Rad1 Bd8 19.h3 Bc7 20.Qe3 d4 21.Qg3 Qd6 22.c4 Kh8
23.h4 Qe7 24.h5 Qf7 25.h6 gxh6 26.Nxh6 Qh5 27.Qg4 Qxg4 28.Nxg4 h5 29.Nh2 Rf6
30.f3 Rg8 31.Kf2 Kg7 32.g4 hxg4 33.Nxg4 Rg6 34.Rh1 Rh8 35.Rxh8 Kxh8 36.Rh1+ Kg7
37.Rh5 Bd6 38.a3 b6 39.Bg5 a6 40.Bh4 b5 41.Bg3 bxc4 42.dxc4 d3 43.Ke3 Nd4
44.Bxe5+ Bxe5 45.Nxe5 d2 46.Rh1 Rg2 47.Rd1 Nb3 48.Kd3 a5 49.a4 Kf6 50.f4 Ke7
51.Kc3 Rg3+ 52.Kc2 Re3 53.Nd3 Nd4+ 54.Kxd2 Re2+ 55.Kc1 Rxe4 56.Nxc5 Ne2+
57.Kd2 Rxc4 58.Kxe2 Rxc5 59.Ke3 Kf6 60.Ke4 Rc4+ 61.Rd4 Rc2 62.b4 axb4 63.Rxb4 Rc5
64.Kd4 Ra5 65.Kc4 Ke7 66.Kb3 Rf5 67.Re4 Kd6 68.Kb4 Rf8 69.a5 Kd5 70.Rc4 Rb8+
71.Kc3 e5 72.f5 Rf8 73.a6 Rxf5 74.Rc8 Rf7 75.Kb4 e4 76.Rd8+ Kc6 77.Re8 Kb6
78.Re6+ Ka7 79.Rxe4 Kxa6  1/2-1/2

[Event "Politiken Cup"]
[Site "Helsingor DEN"]
[Date "2011.08.05"]
[Round "8.123"]
[White "Holm,Henrik"]
[Black "Svane,Frederik"]
[Result "1/2-1/2"]
[WhiteElo "1853"]
[BlackElo "1699"]

1.e4 c5 2.Nf3 Nc6 3.Nc3 Nf6 4.d4 cxd4 5.Nxd4 e5 6.Nxc6 bxc6 7.Bc4 Bb7 8.O-O Bc5
9.Bg5 h6 10.Bh4 O-O 11.Bxf6 Qxf6 12.Qxd7 Rab8 13.Qd3 Rfd8 14.Qe2 Bc8 15.Na4 Bd4
16.c3 Bb6 17.Nxb6 axb6 18.h3 Qg6 19.Qe3 b5 20.Bb3 c5 21.Bd5 c4 22.f4 exf4
23.Rxf4 Be6 24.Raf1 Rd7 25.Qf3 Rbd8 26.Bxe6 Qxe6 27.Rf5 Rb7 28.Rd5 Re8 29.Qf5 Qb6+
30.Kh1 b4 31.Rd7 Rxd7 32.Qxd7 Rf8 33.cxb4 Qxb4 34.Qd5 Qxb2 35.Qxc4 Qb7 36.Re1 Re8
37.e5 Re6 38.a4 Qa6 39.Qxa6 Rxa6 40.Re4 Kf8 41.Kg1 Ke7 42.Kf2 Ke6 43.Kf3 Ra5
44.Kf4 g5+ 45.Ke3 Kd5 46.g4 Rc5 47.Rd4+ Kxe5 48.Re4+ Kd5 49.Rd4+ Ke5 50.Kd3 f5
51.gxf5 Kxf5 52.Rb4 Rc6 53.a5 Ra6 54.Ra4 h5 55.Kc4 g4 56.Kb5 Ra8 57.hxg4+ hxg4
58.Rxg4  1/2-1/2